[Event "LSS No Engine Cup 08 Preliminary 5"]
[Site "LSS email"]
[Date "2009.10.11"]
[Round "?"]
[White "Exojo, Angel"]
[Black "Kerecsenyi, Zoltan"]
[Result "0-1"]
[WhiteElo "1751"]
[BlackElo "1375"]
[PlyCount "74"]
[EventDate "2009.10.12"]
[EventType "tourn (corr)"]
[EventRounds "6"]
[EventCountry "GER"]
[SourceTitle "Corr 2013"]
[Source "ChessBase"]
[SourceDate "2012.11.12"]
[SourceVersion "1"]
[SourceVersionDate "2012.11.12"]
[SourceQuality "1"]

1. Nf3 Nf6 2. c4 d6 3. d4 g6 4. Nc3 Bg7 5. g3 0-0 6. Bg2 c6 7. 0-0 Qc7 8. Bg5 Nbd7 9. Rc1 a6 10. a4 Qa5 11. Qd2 Qb4 12. Rfd1 Kh8 13. Qc2 Qxc4 14. b3 Qb4 15. Rb1 Qa5 16. Ne4 Nxe4 17. Bxe7 Re8 18. Qxe4 Nf6 19. Ng5 Nxe4 20. Bd8 Rxd8 21. Nxf7+ Kg8 22. Nxd8 Qxd8 23. Bxe4 Bf5 24. Bxf5 gxf5 25. Rd2 Bh6 26. e3 d5 27. Kg2 Bg5 28. Rbd1 h5 29. f4 Be7 30. Re2 Kh7 31. Red2 Qg8 32. Rg1 Qe6 33. Kf3 Bb4 34. Re2 b5 35. axb5 axb5 36. Rc1 Ba3 37. Rcc2 c5 0-1

[Event "LSS No Engine Cup Gr08 prel 05 email"]
[Site "LSS email"]
[Date "2009.10.11"]
[Round "?"]
[White "Exojo, Angel"]
[Black "Nucci, Luciano"]
[Result "0-1"]
[WhiteElo "1751"]
[BlackElo "2029"]
[PlyCount "52"]
[EventDate "2009.10.12"]
[EventType "tourn (corr)"]
[EventRounds "6"]
[EventCountry "GER"]
[SourceTitle "Telechess CBM 137"]
[Source "ChessBase"]
[SourceDate "2010.07.15"]
[SourceVersion "1"]
[SourceVersionDate "2010.07.15"]
[SourceQuality "1"]

1. Nf3 d5 2. c4 d4 3. e3 Nc6 4. g3 Bg4 5. Bg2 dxe3 6. 0-0 exf2+ 7. Rxf2 Nf6 8. b3 e5 9. Qe1 Bxf3 10. Bxf3 Qd4 11. Nc3 Bc5 12. Bxc6+ bxc6 13. Kg2 Qxf2+ 14. Qxf2 Bxf2 15. Kxf2 Ng4+ 16. Kg2 0-0-0 17. Ne4 f5 18. h3 fxe4 19. hxg4 Rhf8 20. a4 Rf3 21. Ra2 Rdd3 22. Ba3 Rxg3+ 23. Kf2 Rdf3+ 24. Ke2 Rg2+ 25. Kd1 e3 26. Bc1 e2+ 0-1